Recent transition in governance in South Asia: contexts, dimensions, and implications (Record no. 50347)

000 -LEADER
fixed length control field 01474pab a2200157 454500
008 - FIXED-LENGTH DATA ELEMENTS--GENERAL INFORMATION
fixed length control field 180718b2001 xxu||||| |||| 00| 0 eng d
100 ## - MAIN ENTRY--PERSONAL NAME
Personal name Haque, M. Shamsul
245 ## - TITLE STATEMENT
Title Recent transition in governance in South Asia: contexts, dimensions, and implications
260 ## - PUBLICATION, DISTRIBUTION, ETC.
Date of publication, distribution, etc. 2001
300 ## - PHYSICAL DESCRIPTION
Extent p.1405-436
520 ## - SUMMARY, ETC.
Summary, etc. There has been a paradigmatic shift in the mode of governance in capitalist nations, developing countries, and postcommunist states. Under the newly emerging neoliberal state, which has largely replaced other state formations, public governance has undergone significant transformation. In comparison with the earlier mode, the new mode of governance has the objective of narrow economic growth rather than overall development, the role to support rather than lead service delivery, the structure of managerial autonomy rather than accountability, and the standards based on business norms rather than public ethics. This mode of governance, which emerged in advanced industrial nations, has been extended to most developing countries, including those in South Asia. This paper explores the origins and trends of recent changes in governance in South Asian countries, and evaluates the critical implications of such changes for various dimensions of society in these countries. Reproduced
650 ## - SUBJECT ADDED ENTRY--TOPICAL TERM
Topical term or geographic name entry element Public administration - South Asia
650 ## - SUBJECT ADDED ENTRY--TOPICAL TERM
Topical term or geographic name entry element Public administration
773 ## - HOST ITEM ENTRY
Main entry heading International Journal of Public Administration
909 ## -
-- 50347
Holdings
Withdrawn status Lost status Damaged status Not for loan Permanent Location Current Location Date acquired Serial Enumeration / chronology Barcode Date last seen Price effective from Koha item type
        Indian Institute of Public Administration Indian Institute of Public Administration 2018-07-19 Volume no: 24, Issue no: 12 AR50775 2018-07-19 2018-07-19 Articles

Powered by Koha